Top 50 AFL Players 2020 - Statistics

General Stats
  • This quiz has been taken 900 times
  • The average score is 22 of 50
Answer Stats
Team Answer % Correct
Richmond Tigers Dustin Martin
99%
Fremantle Dockers Nat Fyfe
97%
Carlton Blues Patrick Cripps
95%
Geelong Cats Patrick Dangerfield
94%
Western Bulldogs Marcus Bontempelli
88%
Collingwood Magpies Scott Pendlebury
82%
Melbourne Demons Max Gawn
79%
Brisbane Lions Lachie Neale
71%
West Coast Eagles Tim Kelly
65%
GWS Giants Josh Kelly
64%
Collingwood Magpies Brodie Grundy
63%
Richmond Tigers Trent Cotchin
61%
GWS Giants Jeremy Cameron
58%
Brisbane Lions Charlie Cameron
57%
Melbourne Demons Clayton Oliver
54%
Western Bulldogs Jack Macrae
54%
Hawthorn Hawks Tom Mitchell
51%
GWS Giants Toby Greene
50%
Richmond Tigers Tom Lynch
50%
Collingwood Magpies Adam Treloar
49%
Geelong Cats Joel Selwood
49%
West Coast Eagles Jeremy McGovern
48%
Collingwood Magpies Jordan DeGoey
48%
Port Adelaide Power Travis Boak
48%
West Coast Eagles Andrew Gaff
44%
Adelaide Crows Rory Sloane
44%
West Coast Eagles Elliot Yeo
39%
Essendon Bombers Zach Merrett
38%
GWS Giants Lachie Whitfield
37%
Brisbane Lions Dayne Zorko
30%
Richmond Tigers Dylan Grimes
29%
Port Adelaide Power Robbie Gray
29%
Adelaide Crows Brad Crouch
28%
Richmond Tigers Dion Prestia
26%
Sydney Swans Lance Franklin
26%
Adelaide Crows Rory Laird
26%
Western Bulldogs Josh Dunkley
25%
West Coast Eagles Nic Naitanui
23%
North Melbourne Kangaroos Ben Cunnington
22%
Brisbane Lions Harris Andrews
20%
North Melbourne Kangaroos Robbie Tarrant
20%
Richmond Tigers Bachar Houli
16%
Essendon Bombers Joe Daniher
16%
Hawthorn Hawks James Sicily
15%
Fremantle Dockers Michael Walters
15%
Geelong Cats Tom Stewart
14%
St Kilda Saints Bradley Hill
13%
GWS Giants Phil Davis
13%
GWS Giants Tim Taranto
12%
GWS Giants Stephen Cognilio
5%
No matching quizzes found
Score Distribution
Percent of People with Each Score
Percentile by Number Answered
Your Score History
You have not taken this quiz